sons / musiques de l'album Mr Sal de Niska - Statistiques

Statistiques générales
  • Ce quiz a été pris 62 fois
  • Le résultat moyen est 11 sur 21
Statistiques - réponses
Temps Artiste(s) Titre % Correct
3:11 Niska / Ninho Méchant
83%
2:58 Niska Siliconé
76%
3:31 Niska Bâtiment
72%
3:17 Niska / Booba Médicament
70%
3:01 Niska / Koba LaD Tous les couler
63%
2:57 Niska Mr Sal
57%
2:56 Niska / Skaodi Manu le coq
54%
3:05 Niska / Heuss L'enfoiré Moula
54%
2:56 Niska Des flingues et des roses
52%
2:45 Niska Du lundi au lundi
52%
3:18 Niska Mendoza
52%
3:00 Niska Valise
52%
3:02 Niska / Madrane Bandit Chef
50%
2:33 Niska Vrai
50%
2:30 Niska Bon déja
43%
3:31 Niska Hasta Luego
41%
2:12 Niska Stop
41%
2:46 Niska J'suis dans les wayes
39%
3:03 Niska La zone est minée
37%
2:56 Niska Tellement gang
37%
3:02 Niska Passa passa (#BooskaMechant)
35%
Aucun quiz correspondant
Distribution des résultats
% des personnes avec chaque résultat
Percentile par nombre de réponses
Votre historique - résultats
Vous n’avez pas pris ce quiz